000 00957nam a22002537a 4500
001 BINCO
003 CO-MdBIC
005 20220410213553.0
008 220410b1995 spaa|||| |||| 00| 0 spa d
020 _a844780335x
040 _a CO-MdBIC
_bspa.
_cCO-MdBIC
_d CO-MdBIC
041 _aspa
082 _222
_a863.64
_bP912
100 _aPrats, Joan de Déu
_d1962
245 _a Unas vacaciones en la nevera
_c/ Prats, Joan de Déu, escritor
_f1962
250 _aPrimera edición
260 1 _aBarcelona, España:
_bEl arca,
_c[1995]
260 4 _a©1995
300 _a53 paginas;
_bilustraciones a color:
_c21 cm.
500 _aSin saber cómo,un gnomo distraído se encuentra encerrado en una nevera. Allí practica algunos deportes de riesgo, como escalar la comida o deslizarse por el congelador, todo para intentar salir. ¿Cómo logrará escapar?
650 7 _9100
_aEducación infantil
700 _aLaura Ferracioli
_etraductora
942 _cLGB
999 _c67723
_d67723